All Juventus Players of the 2000's - Statistics

General Stats
  • This quiz has been taken 50 times
  • The average score is 37 of 124
Answer Stats
Position Nationality Player % Correct
GK Italy Gianluigi Buffon
100%
ATT Italy Alessandro Del Piero
85%
MID Czech Republic Pavel Nedved
85%
MID The Netherlands Edgar Davids
79%
GK The Netherlands Edwin Van der Sar
77%
DEF Italy Giorgio Chiellini
77%
ATT Sweden Zlatan Ibrahimovic
77%
ATT France David Trezeguet
72%
DEF Italy Fabio Cannavaro
72%
DEF France Lilian Thuram
72%
MID France Patrick Vieira
69%
DEF/MID Italy Gianluca Zambrotta
64%
MID France Zinedine Zidane
64%
MID Italy Claudio Marchisio
59%
MID Brazil Emerson
59%
GK Austria Alexander Manninger
56%
MID Italy Mauro Camoranesi
56%
ATT Italy/Brazil Amauri
54%
DEF France Jonathan Zebina
54%
ATT Roumania Adrian Mutu
51%
MID Italy Alessio Tacchinardi
51%
DEF Croatia Igor Tudor
51%
ATT Chile Marcelo Salas
51%
GK Italy Christian Abbiati
49%
ATT Italy Filippo Inzaghi
49%
DEF Uruguay Paolo Montero
49%
MID Denmark Christian Poulsen
46%
DEF Italy Gianluca Pessotto
46%
DEF Italy Alessandro Birindelli
44%
MID Italy Antonio Conte
44%
MID Bosnia Herzegovina Hasan Salihamidzic
44%
ATT Uruguay Marcelo Zalayeta
44%
MID France/Mali Mohamed Sissoko
44%
DEF Sweden Olof Mellberg
44%
DEF Czech Republic Zdenek Grygera
44%
GK Italy Antonio Chimenti
41%
DEF Italy Mark Iuliano
41%
DEF Italy Nicola Legrottaglie
41%
DEF Italy Ciro Ferrara
38%
DEF France Jean Alain Boumsong
38%
ATT Italy Marco Di Vaio
38%
DEF Croatia Robert Kovac
38%
MID Ghana Stephen Appiah
38%
DEF Italy Cristian Molinaro
36%
MID/ATT Italy Sebastian Giovinco
36%
MID Portugal Tiago
36%
ATT Serbia Darko Kovacevic
33%
DEF/MID Italy Paolo De Ceglie
33%
MID Italy Cristiano Zanetti
31%
GK Uruguay Fabian Carini
31%
ATT Italy Fabrizio Miccoli
31%
DEF Portugal Jorge Andrade
31%
MID Italy Manuele Blasi
31%
ATT Italy Raffaele Palladino
31%
MID/ATT Uruguay Ruben Olivera
31%
ATT Italy Vincenzo Iaquinta
31%
MID Italy Antonio Nocerino
28%
MID Italy Matteo Paro
28%
ATT Bulgaria Valeri Bojinov
28%
GK Italy Antonio Mirante
26%
DEF Italy Cristian Zenoni
26%
DEF Italy Federico Balzaretti
26%
MID Italy Giuliano Giannichedda
26%
MID Italy Marco Marchionni
26%
GK Italy Michelangelo Rampulla
26%
MID Argentina Sergio Almiron
26%
ATT Italy Ciro Immobile
23%
ATT Uruguay Daniel Fonseca
23%
DEF Italy Domenico Criscito
23%
GK Italy Emanuele Belardi
23%
MID Uruguay Fabian O'Neill
23%
GK France Landry Bonnefoi
23%
ATT Italy Nicola Amoruso
23%
MID France Olivier Kapo
23%
DEF Croatia Dario Knezevic
21%
MID Italy Enzo Maresca
21%
DEF Italy Michele Paramatti
21%
MID Italy Matteo Brighi
18%
MID Sweden Albin Ekdal
15%
MID Italy Davide Lanzafame
15%
MID Italy Fausto Rossi
15%
DEF Italy Felice Piccolo
15%
ATT Argentina Juan Esnaider
15%
DEF Brazil Mazolli Athirson
15%
DEF Italy Salvatore Fresi
15%
MID Switzerland David Chiumiento
13%
DEF Italy Gugliermo Stendardo
13%
DEF Italy Lorenzo Ariaudo
13%
ATT Paraguay Tomas Guzman
13%
DEF Italy Andrea Masiello
10%
MID Italy Davide Baiocco
10%
DEF Italy Emiliano Moretti
10%
DEF Italy Marco Zanchi
10%
ATT Italy Michele Paolucci
10%
ATT France Vincent Pericard
10%
MID Italy Alessandro Frara
8%
ATT Somalia Ayub Daud
8%
DEF Italy Francesco Scardina
8%
MID Spain Iago Falque
8%
GK Australia Jess Vanstrattan
8%
MID Italy Jonathan Bachini
8%
MID Italy Luca Castiglia
8%
ATT Italy Marco Rigoni
8%
DEF Brazil Pereira Gladstone
8%
MID Italy Simone Esposito
8%
MID Italy Andrea Gasbarroni
5%
GK Italy Cristiano Novembre
5%
ATT Italy Cristian Pasquato
5%
DEF Italy Daniele Gastaldello
5%
DEF Italy Domenico Maietta
5%
DEF Italy Giovanni Bartolucci
5%
DEF Italy Orlando Urbano
5%
MID Italy Salvatore Papa
5%
MID Russia Victor Budyansky
5%
MID Italy Alex Pederzoli
3%
MID Italy Dario Venitucci
3%
MID Italy Luca Scicchitano
3%
ATT Morocco Oussama Essabr
3%
MID Italy Raffaele Bianco
3%
DEF Italy Salvatore D'Elia
3%
MID Italy Stefano Rondinella
3%
MID Italy Alessandro Bettega
0%
MID Italy Andrè Cuneaz
0%
ATT Italy Riccardo Maniero
0%
No matching quizzes found
Score Distribution
Percent of People with Each Score
Percentile by Number Answered
Your Score History
You have not taken this quiz